000 00736nam a2200229Ia 4500
003 GCL
008 140319s9999 xx 000 0 ara d
040 _aGCL /
_cGCL
082 0 4 _a616.61
_bف م
100 1 _aفهد عبدالعزيز المهنا
245 1 0 _aالمختصر فى امراض الكلى /
_cفهد عبدالعزيز المهنا
250 _aالاولى
260 _aالرياض :
_bمطابع التريكى
300 _a154 ص ؛
_c24 سم
650 0 4 _aالفشل الكلوى
650 0 4 _aالجهاز البولى
650 0 4 _aالكلى - امراض
650 0 4 _aالغدة الكظرية- امراض
650 0 4 _aالكلى - تشخيص
650 0 4 _aالكلى - غسل
942 _2ddc
_cBK
999 _c7077
_d7077